000 00605nam a22002052 4500
001 0000004745
005 20151217151940.0
008 070529s xx 000 0 eng d
020 _a0520368863 :
_cGBP 24.99
040 _aKABU
_cKABU
050 0 _aSB123.3
_b.U84
245 1 4 _aThe Use of plant genetic resources /
_ced. by A. H. D. Brown ... [et al.]
260 _aCambridge :
_bCUP,
_c1989.
300 _ax, 382 p.
650 0 _aGermplasm resources.
_@0000155507
700 1 _aBrown, A. H. D.
_@0000155508
908 _a070529
950 _@1
999 _c6633
_d6633